| 000 | 00975nam a2200253Ia 4500 | ||
|---|---|---|---|
| 001 | 10588 | ||
| 003 | GE_BSU | ||
| 008 | 181216s||||||||xx |||||||||||||| ||und|| | ||
| 020 | _a9789941171413 | ||
| 040 | _cGE_BSU | ||
| 080 | _a630.111+551(075.8) | ||
| 100 | _aმელაძე,მაია | ||
| 245 | _aსატყეო მეტეოროლოგია და კლიმატოლოგია | ||
| 245 | _bსახელმძღვ.უმაღლ.სასწავლებლების სტუდენტებისათვის | ||
| 245 | _cრედ:გიორგი გაგოშიძე | ||
| 260 | _aთბილისი. | ||
| 260 | _bუნივერსალი. | ||
| 260 | _c2011 | ||
| 300 | _a220გვ;20სმ. | ||
| 300 | _bნახ;ცხრლ. | ||
| 541 | _h12ლ. | ||
| 653 | _aსატყეო მეტეოროლოგია; სატყეო კლიმატოლოგია; | ||
| 942 | _cBK | ||
| 999 |
_c43840 _d43840 |
||